AB, bütünleşme ve STK'lar (Record no. 9542)

MARC details
000 -BAŞLIK
Sabit Uzunlukta Kontrol Alanı 00853na a2200277 4500
001 - KONTROL NUMARASI
Denetim Alanı 19981
003 - KONTROL NUMARASI IDENTIFIER
Denetim Alanı MIRAKIL
005 - SON İŞLEM TARİHİ VE ZAMANI
Denetim Alanı 20181213155250.0
008 - SABİT-BOY VERİ ELEMANLARI - GENEL BİLGİLER
Sabit Uzunlukta Kontrol Alanı 161229b tu 000 0
020 ## - ULUSLARARASI STANDART KİTAP NUMARASI
Uluslararası Standart Kitap Numarası 9786053990949
035 ## - SİSTEM KONTROL NUMARASI
Sistem Kontrol Numarası 19981
040 ## - KATALOGLAMA KAYNAK
Orijinal Kataloglama Ajansı Milas
Kataloglama Dili tur
Metne Dönüştürmek Ajansı TR-AnCHP
041 ## - DİL KODU
Metin / Ses Parça Veya Ayrı Başlığın Dil Kodu tur
082 ## - DEWEY ONLU SINIFLANDIRMA NUMARASI
Sınıflandırma Numarası 337.142
Ürün Numarası A1 2009
090 ## - SINIFLAMA NUMARASI
Sınıflama Numarası 337.142 A1 2009
245 ## - BAŞLIK TABLOSU
Başlık AB, bütünleşme ve STK'lar
Sorumluluk Tablosu, Vb Derleyen Alper Akyüz
260 ## - YAYIN, DAĞITIM, VB
Yayın, Dağıtım, Vb Yeri İstanbul
Yayıncı, Dağıtıcı, Vs Adı İstanbul Bilgi Üniversitesi Yayınları
Yayın, Dağıtım, Vb Tarihi 2009
300 ## - FİZİKSEL TANIM
Kapsam 156 s.
Boyutlar 28 sm.
440 ## - SERİSİ TABLOSU / KATMA GİRİŞİ - BAŞLIK
Başlık İstanbul Bilgi Üniversitesi yayınları
Hacim / Ardışık Tanımı 245
490 ## - SERİSİ TABLOSU
Seri Beyanı STK Çalışmaları- Eğitim Kitapları
Hacim / Ardışık Tanımı 9
504 ## - KAYNAKÇA VB NOT
Kaynakça Vb Notu Kaynakça ve dizin var.
650 ## - KONU KATMA GİRİŞ - TOPİKAL DÖNEM
Topikal Süreli Veya Coğrafi Ad Giriş Elemanı Sivil toplum kuruluşları (STK)
Genel Alt Bölümü Ekonomi
Kronolojik Alt Bölümü Eğitim
650 ## - KONU KATMA GİRİŞ - TOPİKAL DÖNEM
Topikal Süreli Veya Coğrafi Ad Giriş Elemanı Avrupa Birliği
Genel Alt Bölümü Küreselleşme
700 ## - KATMA GİRİŞ - KİŞİSEL İSİM
Kişisel Ad Akyüz, Alper
942 ## - EKLENDİ GİRİŞ ELEMANLARI (KOHA)
Sınıflandırma Veya Raf Düzeni Kaynak
Koha Öğesi Türü Books
999 ## - SİSTEM KONTROL NUMARALARI (KOHA)
Koha Biblionumber 9542
Koha Biblioitemnumber 9542
Holdings
Kalıcı Konum Mevcut Konum Edinme Tarihi Edinim Kaynak Toplam Check-Out'Lar Tam Çağrı Numarası Barkod Tarih Son Görülme İtibaren Geçerli Fiyatlar Koha Öğesi Türü
CHP Kütüphanesi CHP Kütüphanesi 12/29/2016 Bağış   337.142 A1 2009 010391 12/29/2016 12/29/2016 Books